000
00317nam a22001457a 4500
008
210311b ||||| |||| 00| 0 eng d
020
_a
2901285447901
041
_a
eng
080
_a
940
082
_a
940
100
_a
16
101
_a
SHH
245
_a
Contemporary World History
_c
Duiker,W.J
942
_2
udc
_c
BK
999
_c
56309
_d
56309